| 000 | 00521nam a2200193Ia 4500 | ||
|---|---|---|---|
| 001 | 1485 | ||
| 008 | 201228s ii a g b000 u asm u | ||
| 082 | _a891.411 | ||
| 100 | _aMohonto, Baladev . | ||
| 245 | 0 |
_aUjupath Part I / _cBaladev Mahanta. _hTextual Documents |
|
| 250 | _a1st ed. / | ||
| 260 |
_aNowgong : _bD. N. Barua & Sons , _cnd. |
||
| 300 |
_a33p. : _bill ; _c19cm . |
||
| 500 | _a14/Ref/Ass (Xeroz copy) | ||
| 500 | _a76/Ref/Ass | ||
| 653 | _aAssamese poetry | ||
| 653 | _aRef-Assamese | ||
| 942 |
_2ddc _cBK |
||
| 999 |
_c1481 _d1481 |
||